000 00501nam a22001937a 4500
005 20260429090416.0
008 260429b |||||||| |||| 00| 0 eng d
020 _a9788192588063
040 _aIN-DiNC
_cIN-DiNC
041 _dasm
082 _a891.4514
_bBOR
100 _aBorah, Debabhushan
_eauthor
245 _aNirbochon/
_cby Debabhushan Borah
250 _a1st ed.
260 _aGuwahati:
_bBandhav,
_c2017.
300 _a208p.
650 _aEssays on Assamese literature
942 _2ddc
_cBK
999 _c12363
_d12363